• 首页
  • 本馆介绍
  • 公告通知
  • 最新文献
  • 馆藏检索
  • 电子资源
  • 读者导购
  • 参考咨询
  • 我的图书馆
  • 登录
  • 详细信息显示
  • 放入我的书架
  • 预约/预借图书
  • 作者相关作品
  • 分类相关作品
  • 丛书相关作品
  • 出版社相关作品

书目信息

  • 表格格式
  • 工作单格式
  • 卡片格式
题名:
科学文艺晚会
    
 
作者: 韩国栋 , 郭治 编
分册:  
出版信息: 北京   科学普及出版社  1982
页数: 116页
开本: 19cm
丛书名:
单 册:
中图分类: I239.77 , I230
科图分类:
主题词: 相声--中国--现代--选集 , 戏剧文学--剧本--中国
电子资源:
ISBN:
000 00712nam0 2200265 45
001 0182008963
005 20060820110802.48
010    @dCNY0.34
091    @a10051.1016
100    @a19950422d1982 em y0chiy0121 ea
101 0  @achi
102    @aCN@b110000
105    @ay z 000by
200 10 @a科学文艺晚会@Ake xue wen yi wan hui@f郭治, 韩国栋编
210    @a北京@c科学普及出版社@d1982
215    @a116页@d19cm
606    @a相声@y中国@z现代@x选集
606 0  @a戏剧文学@x剧本@x中国
690    @aI239.77@v3
690    @aI230
701  0 @a韩国栋@Ahan guo dong@4编
701  0 @a郭治@Aguo zhi@4编
801  2 @aCN@bNLC@c20060820
801  0 @aCN@b上海图书馆@c20040416
905    @f4@b71758-761@dI230@e41
    
    科学文艺晚会/郭治, 韩国栋编.-北京:科学普及出版社,1982
    116页;19cm
    
    
    ISBN :CNY0.34
    
●
相关链接 在E读中查询图书 在五车中查询图书 在当当中查询图书 在豆瓣中查询图书


正题名:科学文艺晚会     索取号:I230/41         预约/预借

序号 登录号 条形码 馆藏地/架位号 状态 备注
1 0071758   000765595   密集书库/ [索取号:I230/41] 在馆    
2 0071759   000765602   密集书库/ [索取号:I230/41] 在馆    
3 0071760   000765577   密集书库/ [索取号:I230/41] 在馆    
4 0071761   000765568   第二借阅区/ [索取号:I230/41] 在馆    
5 0071762   000765586   第一样本阅览室/ [索取号:I230/41] 在馆    
6 0470343   204703437   密集书库/ [索取号:I230/41] 在馆    
唐山师范学院图书馆 欢迎您!
大连网信软件有限公司© 版权所有